000 00520nam a2200193Ia 4500
008 151119s9999||||xx |||||||||||||| ||und||
082 _a891.462
082 _bGKKV6654
100 _aपवार जयंत
245 _aवंश पाउलखुणा
260 _a--
260 _b--
260 _c1987
600 _aपवार जयंत
630 _aवंश पाउलखुणा
700 _aपवार जयंत
730 _aवंश पाउलखुणा
942 _cBOOK
999 _c1061467
_d1061464